Подростковая медицина (Запись № 1246483)
[ простой вид ]
| 000 -МАРКЕР | |
|---|---|
| контрольное поле | 01383nam1a2200301 i 4500 |
| 001 - ИДЕНТИФИКАТОР ЗАПИСИ | |
| контрольное поле | RU\NLR\bibl\1413037 |
| 005 - ИДЕНТИФИКАТОР ВЕРСИИ | |
| контрольное поле | 20260406231122.0 |
| 035 ## - ДРУГИЕ СИСТЕМНЫЕ НОМЕРА | |
| Идентификатор записи | (NLR Aleph) 001405015 |
| 100 ## - ДАННЫЕ ОБЩЕЙ ОБРАБОТКИ | |
| Данные общей обработки | 20090915g20089999u y0rusy50 ca |
| 101 0# - ЯЗЫК РЕСУРСА | |
| Язык текста, звукозаписи и т.д. | русский |
| 102 ## - СТРАНА ПУБЛИКАЦИИ ИЛИ ПРОИЗВОДСТВА | |
| Страна публикации | Российская Федерация |
| 105 ## - ПОЛЕ КОДИРОВАННЫХ ДАННЫХ: ТЕКСТОВЫЕ МАТЕРИАЛЫ, МОНОГРАФИЧЕСКИЕ | |
| Кодированные данные о монографическом текстовом документе | ||||z ||||| |
| 200 1# - ЗАГЛАВИЕ И СВЕДЕНИЯ ОБ ОТВЕТСТВЕННОСТИ | |
| Основное заглавие | Подростковая медицина |
| Сведения, относящиеся к заглавию | пособие для врачей общей практики |
| -- | [в 2 т.] |
| Первые сведения об ответственности | М-во здравоохранения и социального развития РФ, Владивосток. гос. мед. ун-т |
| Последующие сведения об ответственности | под общ. ред. проф. В.Б. Шуматова |
| 210 ## - ПУБЛИКАЦИЯ, РАСПРОСТРАНЕНИЕ И ДР. | |
| Место издания, распространения и т.д. | Владивосток |
| Имя издателя, распространителя и т. д. | Медицина ДВ |
| Дата издания, распространения и т.д. | 2008 |
| 215 ## - ФИЗИЧЕСКАЯ ХАРАКТЕРИСТИКА | |
| Размеры | 21 |
| 463 #0 - УРОВЕНЬ ФИЗИЧЕСКОЙ ЕДИНИЦЫ | |
| Встроенное поле | 0011348400 |
| 463 #0 - УРОВЕНЬ ФИЗИЧЕСКОЙ ЕДИНИЦЫ | |
| Встроенное поле | 0011663564 |
| 606 ## - НАИМЕНОВАНИЕ ТЕМЫ КАК ПРЕДМЕТ | |
| Наименование темы | Подростковая медицина |
| Формальный подзаголовок | Учебные издания для последипломного образования |
| Системный номер авторитетной/нормативной записи | 1641118 |
| Идентификатор авторитетной/нормативной записи | RU\NLR\auth\66725772 |
| 686 ## - ИНДЕКСЫ ДРУГИХ КЛАССИФИКАЦИЙ | |
| Индекс | Р733я77 |
| 686 ## - ИНДЕКСЫ ДРУГИХ КЛАССИФИКАЦИЙ | |
| Индекс | Р731я77 |
| 702 #1 - ИМЯ ЛИЦА - ВТОРИЧНАЯ ОТВЕТСТВЕННОСТЬ | |
| Начальный элемент ввода | Шуматов |
| Часть имени, кроме начального элемента ввода | В. Б. |
| Расширение инициалов личного имени | Валентин Борисович |
| Код отношения | Редактор |
| 712 02 - НАИМЕНОВАНИЕ ОРГАНИЗАЦИИ - ВТОРИЧНАЯ ОТВЕТСТВЕННОСТЬ | |
| Код отношения | Прочие |
| Начальный элемент ввода | Владивостокский государственный медицинский университет |
| Идентификатор авторитетной/нормативной записи | RU\NLR\AUTH\889983521 |
| Системный номер авторитетной/нормативной записи | 462869 |
| 801 #0 - ИСТОЧНИК ЗАПИСИ | |
| Страна | Российская Федерация |
| Организация | NLR |
| Дата составления | 20090915 |
| Правила каталогизации | RCR |
| 801 #1 - ИСТОЧНИК ЗАПИСИ | |
| Страна | Российская Федерация |
| Организация | NLR |
| Дата составления | 20090915 |
| 852 ## - МЕСТОНАХОЖДЕНИЕ И ШИФР ХРАНЕНИЯ | |
| Идентификатор организации | NLR |
| Шифр хранения (Call Number) | 2009-3/9800 |
| 942 ## - ДОПОЛНИТЕЛЬНЫЕ ЭЛЕМЕНТЫ ЗАПИСИ (АБИС) | |
| Тип экземпляра АБИС | Книга |
Нет доступных экземпляров.